[Event "Frankfurt Ch A 2016"]
[Site "Ffm-Höchst, BiKuZ"]
[Date "2016.05.09"]
[Round "3.50"]
[White "Rätsch, Kurt"]
[Black "Münstermann, Matthias"]
[Result "1/2-1/2"]
[WhiteElo "1790"]
[BlackElo "1529"]
[PlyCount "116"]
[EventDate "2016.??.??"]
[WhiteTeam "SF Schöneck"]
[BlackTeam "SK Langen"]

1. d4 Nf6 2. c4 g6 3. Nc3 d5 4. cxd5 Nxd5 5. e4 Nxc3 6. bxc3 Bg7 7. Bc4 c5 8.
Qb3 O-O 9. d5 Re8 10. Nf3 Nd7 11. O-O Nb6 12. Be2 e6 13. Bb5 Bd7 14. dxe6 Bxe6
15. Qc2 Bd7 16. a4 Bxb5 17. axb5 Qd7 18. Rb1 Nc4 19. Re1 Ne5 20. Nxe5 Bxe5 21.
f4 Bg7 22. Be3 b6 23. Red1 Qe6 24. e5 Rad8 25. Rxd8 Rxd8 26. Rd1 Rxd1+ 27. Qxd1
Qc4 28. Qd8+ Bf8 29. Qe8 Qxc3 30. Kf2 Qc2+ 31. Kf3 Qd3 32. Qa8 Qd7 33. Qc6 Qd3
34. e6 Qd6 35. exf7+ Kxf7 36. Ke4 Qe6+ 37. Kf3 Qxc6+ 38. bxc6 Bd6 39. Ke4 Ke6
40. g4 Bc7 41. h4 a5 42. f5+ gxf5+ 43. gxf5+ Kd6 44. f6 Kxc6 45. f7 Bd6 46. Bh6
a4 47. f8=Q Bxf8 48. Bxf8 a3 49. Kd3 b5 50. Kc2 b4 51. Kb3 Kb5 52. h5 c4+ 53.
Ka2 Ka4 54. Bg7 b3+ 55. Kb1 b2 56. Ka2 Kb4 57. Bf8+ Ka4 58. Bxa3 b1=Q+ 1/2-1/2

[Event "Frankfurt Ch A 2016"]
[Site "Ffm-Höchst, BiKuZ"]
[Date "2016.05.09"]
[Round "3.51"]
[White "Lehmann, Gerit"]
[Black "Medvedovski, Michael"]
[Result "0-1"]
[WhiteElo "1516"]
[BlackElo "1995"]
[PlyCount "104"]
[EventDate "2016.??.??"]
[WhiteTeam "SF Frankfurt"]
[BlackTeam "Frankfurter TV"]

1. d4 d5 2. c4 e6 3. Nc3 c5 4. cxd5 exd5 5. Nf3 Nc6 6. Bf4 Nf6 7. e3 cxd4 8.
Nxd4 Bb4 9. Ndb5 O-O 10. Be2 a6 11. Nd4 Ne4 12. Rc1 Qa5 13. Qb3 Nxd4 14. exd4
Re8 15. O-O Bxc3 16. bxc3 Nxc3 17. Rxc3 Rxe2 18. Re3 Rxe3 19. Qxe3 Be6 20. Qb3
Rc8 21. Qb2 b5 22. Bd6 Qa4 23. Bc5 h6 24. f4 Bf5 25. Re1 Be4 26. Rc1 Qa5 27. a3
Qc7 28. Qd2 Qd7 29. Rc3 Rc6 30. Bb4 Rf6 31. Rc1 Qf5 32. Rf1 Re6 33. Rf2 Bd3 34.
h3 Bc4 35. Qc2 Qxc2 36. Rxc2 Re4 37. Bc5 Rxf4 38. Rf2 Re4 39. Kh2 f6 40. Kg3
Kf7 41. Rf4 Re8 42. Rf3 g5 43. h4 Kg6 44. hxg5 hxg5 45. Bb4 Re4 46. Bc5 f5 47.
Kh2 g4 48. Rf2 f4 49. Rd2 g3+ 50. Kh3 Kf5 51. Bd6 Re1 52. Bxf4 Kxf4 0-1

[Event "Frankfurt Ch A 2016"]
[Site "Ffm-Höchst, BiKuZ"]
[Date "2016.05.09"]
[Round "3.53"]
[White "Fröhlich-Dill, Astrid"]
[Black "Schindehütte, Frank"]
[Result "1-0"]
[WhiteElo "1712"]
[BlackElo "1510"]
[PlyCount "59"]
[EventDate "2016.??.??"]
[WhiteTeam "SV Hofheim"]
[BlackTeam "VfL Goldstein"]

1. d4 b5 2. e4 Bb7 3. f3 a6 4. Be3 Nf6 5. c4 bxc4 6. Bxc4 e6 7. Qb3 Qc8 8. a3
Be7 9. Nc3 O-O 10. Nge2 Nc6 11. Qc2 Rd8 12. O-O d5 13. Bd3 dxe4 14. Nxe4 Nd5
15. Bf2 f5 16. Nc5 Bxc5 17. Qxc5 Nb6 18. Nf4 g5 19. Nh5 Kf7 20. g4 Rd5 21. Qc2
Qd7 22. gxf5 exf5 23. Ng3 Ne5 24. dxe5 Rxd3 25. Rad1 Rxd1 26. Rxd1 Qc8 27. e6+
Qxe6 28. Qxc7+ Kg8 29. Qxb7 Qb3 30. Rd2 1-0

[Event "Frankfurt Ch A 2016"]
[Site "Ffm-Höchst, BiKuZ"]
[Date "2016.05.09"]
[Round "3.55"]
[White "Heun, Andreas"]
[Black "Kiel, Gerhard"]
[Result "1-0"]
[WhiteElo "1662"]
[BlackElo "1466"]
[PlyCount "93"]
[EventDate "2016.??.??"]
[WhiteTeam "SC Ladja Roßdorf"]
[BlackTeam "vereinslos"]

1. e4 g6 2. Nc3 Bg7 3. f4 d6 4. Nf3 a6 5. Bc4 e6 6. O-O Ne7 7. Qe1 Nec6 8. f5
Nd4 9. Nxd4 Bxd4+ 10. Kh1 c5 11. d3 Nc6 12. Bh6 Bf6 13. fxe6 fxe6 14. Qf2 b5
15. Bb3 c4 16. dxc4 Ne5 17. cxb5 Ng4 18. Qd2 Be5 19. Bf4 Qh4 20. Bxe5 dxe5 21.
g3 Qe7 22. Rad1 Bd7 23. h3 h5 24. hxg4 axb5 25. Qf2 hxg4+ 26. Kg2 b4 27. Rh1
Rf8 28. Qb6 bxc3 29. bxc3 Rc8 30. Qd6 Qxd6 31. Rxd6 Bc6 32. Rxe6+ Kd7 33. Rh7+
Kd8 34. Rd6+ Ke8 35. Re6+ Kd8 36. Rxe5 Ba8 37. Ra7 Bc6 38. Bd5 Re8 39. Rxe8+
Bxe8 40. Ra8 Rxa8 41. Bxa8 Ba4 42. Kf2 Ke7 43. Ke2 Bxc2 44. Ke3 Kf7 45. Kf4 Bd1
46. Ke5 Ba4 47. Bd5+ 1-0

[Event "Frankfurt Ch A 2016"]
[Site "Ffm-Höchst, BiKuZ"]
[Date "2016.05.09"]
[Round "3.56"]
[White "Bernhardt, Winfried"]
[Black "Dohmes, Swidbert"]
[Result "1/2-1/2"]
[WhiteElo "1411"]
[BlackElo "1662"]
[PlyCount "23"]
[EventDate "2016.??.??"]
[WhiteTeam "SV Nauheim"]
[BlackTeam "SV Hofheim"]

1. e4 e5 2. Nf3 Nc6 3. Nc3 Nf6 4. d4 exd4 5. Nxd4 Nxd4 6. Qxd4 d6 7. Bg5 Be7 8.
O-O-O O-O 9. e5 Ng4 10. Bxe7 Qxe7 11. exd6 Qxd6 12. Ne4 1/2-1/2

[Event "Frankfurt Ch A 2016"]
[Site "Ffm-Höchst, BiKuZ"]
[Date "2016.05.09"]
[Round "3.57"]
[White "Fischer, Lutz"]
[Black "Grams, Thilo"]
[Result "1-0"]
[WhiteElo "1640"]
[BlackElo "1388"]
[PlyCount "113"]
[EventDate "2016.??.??"]
[WhiteTeam "SF Frankfurt"]
[BlackTeam "SC Ketsch"]

1. e4 d6 2. d4 Nf6 3. Nc3 g6 4. Be3 Bg7 5. Qd2 c6 6. f3 b5 7. Bd3 b4 8. Nce2 a5
9. e5 dxe5 10. dxe5 Nd5 11. Bd4 O-O 12. f4 Nd7 13. Be4 e6 14. c4 bxc3 15. Nxc3
Ba6 16. Na4 Bb5 17. Nc5 Nxc5 18. Bxc5 Re8 19. a4 Ba6 20. Rc1 Bb7 21. Ne2 Ne7
22. Nd4 Qd7 23. Bxe7 Rxe7 24. Bxc6 Bxc6 25. Nxc6 Qxd2+ 26. Kxd2 Rd7+ 27. Ke3
Rc7 28. Rc3 Kf8 29. Rhc1 Ke8 30. Nd4 Rxc3+ 31. Rxc3 Bf8 32. Rc7 Rb8 33. Nb5 Bb4
34. Nd4 Rd8 35. Nc6 Rd5 36. Nxb4 axb4 37. Rb7 Rc5 38. Rxb4 Rc2 39. Kf3 Rc1 40.
a5 Ra1 41. Rb8+ Kd7 42. b4 Ra4 43. Rb6 Kc7 44. h3 h6 45. Kg4 Ra2 46. g3 Ra3 47.
h4 h5+ 48. Kg5 Rxg3+ 49. Kf6 Rf3 50. Kxf7 Rxf4+ 51. Kxg6 Rxh4 52. Rxe6 Rxb4 53.
Kf7 Rf4+ 54. Rf6 Ra4 55. e6 Rxa5 56. e7 h4 57. e8=Q 1-0

[Event "Frankfurt Ch A 2016"]
[Site "Ffm-Höchst, BiKuZ"]
[Date "2016.05.09"]
[Round "3.58"]
[White "Lessmann, Sven"]
[Black "Bratmann, Marc"]
[Result "0-1"]
[WhiteElo "1401"]
[BlackElo "1601"]
[PlyCount "124"]
[EventDate "2016.??.??"]
[WhiteTeam "SC Bad Soden"]
[BlackTeam "TuS Dotzheim"]

1. d4 d5 2. c4 c6 3. Nf3 Nf6 4. Bf4 dxc4 5. a4 b5 6. axb5 cxb5 7. Nc3 Qb6 8. e4
e6 9. Be2 Bb4 10. Qc2 Bb7 11. Nd2 Nc6 12. Nxb5 Qxb5 13. Bxc4 Bxd2+ 14. Bxd2 Qb6
15. e5 Nd5 16. Bxd5 exd5 17. Be3 O-O 18. O-O Rfc8 19. Qd2 Nb4 20. Ra4 a5 21. f4
Rc2 22. Rxb4 Qxb4 23. Qxc2 Rc8 24. Qd2 Qb5 25. Ra1 a4 26. Qd1 Rc4 27. Rb1 h6
28. Bc1 Qb4 29. Bd2 Qb6 30. Bc3 Bc8 31. Qc2 Qxd4+ 32. Bxd4 Rxc2 33. b4 a3 34.
b5 a2 35. Rb4 Rc1+ 36. Kf2 a1=Q 37. Bxa1 Rxa1 38. Rb2 Bb7 39. h3 Rc1 40. g4 Kf8
41. Ke2 Rh1 42. Rb3 Rh2+ 43. Kd1 Ke8 44. b6 Ra2 45. h4 Kd7 46. Rc3 Bc6 47. Kc1
Ra6 48. Rb3 Kc8 49. g5 Kb7 50. f5 hxg5 51. hxg5 Rxb6 52. Rxb6+ Kxb6 53. f6 gxf6
54. exf6 Be8 55. Kc2 Kc6 56. Kd3 Kd6 57. Kd4 Ke6 58. Kc5 Ke5 59. Kb6 Kf5 60.
Kc5 Kxg5 61. Kxd5 Kxf6 62. Ke4 Kg5 0-1

[Event "Frankfurt Ch A 2016"]
[Site "Ffm-Höchst, BiKuZ"]
[Date "2016.05.09"]
[Round "3.60"]
[White "Friedel, Thomas"]
[Black "Hambel, Christoph"]
[Result "0-1"]
[WhiteElo "1388"]
[BlackElo "1543"]
[PlyCount "56"]
[EventDate "2016.??.??"]
[WhiteTeam "SV Groß-Gerau"]
[BlackTeam "Bad Vilbeler Sfr"]

1. e4 d6 2. d4 Nd7 3. Nf3 Ngf6 4. Nc3 g6 5. Bg5 Bg7 6. e5 dxe5 7. dxe5 Ng4 8.
Nd5 f6 9. exf6 exf6 10. Bf4 Nde5 11. Nxe5 fxe5 12. Bg5 Qxg5 13. Nxc7+ Ke7 14.
Nxa8 Qf4 15. Qd2 Qe4+ 16. Be2 Qxg2 17. O-O-O Bh6 18. f4 Bxf4 19. Qxf4 exf4 20.
Bxg4 Bxg4 21. Rhe1+ Kf6 22. Rd6+ Kg5 23. Rd2 Qxd2+ 24. Kxd2 Rxa8 25. Rg1 Kh4
26. Rf1 f3 27. h3 Kxh3 28. Ke1 Re8+ 0-1

[Event "Frankfurt Ch B 2016"]
[Site "Ffm-HÃ¶chst, BiKuZ"]
[Date "2016.05.09"]
[Round "3.1"]
[White "Pessotschinski, Eduard"]
[Black "Hagel, Stephan"]
[Result "0-1"]
[WhiteElo "1040"]
[BlackElo "1388"]
[PlyCount "62"]
[EventDate "2016.??.??"]
[WhiteTeam "TuS Makkabi"]
[BlackTeam "SK Hungen"]

1. e4 c5 2. f4 Nc6 3. Nf3 d6 4. Bb5 Bd7 5. Nc3 a6 6. Ba4 b5 7. Nxb5 axb5 8.
Bxb5 Nf6 9. d3 Qa5+ 10. Bd2 Qxb5 11. O-O Bg4 12. b3 Bxf3 13. Qxf3 e6 14. c4 Qb6
15. Bc3 Nd4 16. Qf2 Be7 17. Rfe1 O-O 18. h3 Qb7 19. Bxd4 cxd4 20. Qxd4 Nd7 21.
Re3 Bf6 22. e5 dxe5 23. fxe5 Bg5 24. Rg3 Be7 25. Qg4 g6 26. d4 Qb6 27. h4 Nxe5
28. Qe4 Nc6 29. Rd1 Nxd4 30. Rxd4 Bc5 31. Rgd3 Rad8 0-1

[Event "Frankfurt Ch B 2016"]
[Site "Ffm-HÃ¶chst, BiKuZ"]
[Date "2016.05.09"]
[Round "3.3"]
[White "Ratfai, Miksa"]
[Black "Brand, Achim"]
[Result "0-1"]
[WhiteElo "947"]
[BlackElo "1335"]
[PlyCount "52"]
[EventDate "2016.??.??"]
[WhiteTeam "SC Bad Soden"]
[BlackTeam "SVG Echzell"]

1. e4 g6 2. d4 Bg7 3. Nc3 c6 4. Nf3 d6 5. Bf4 Nf6 6. Bc4 b5 7. Bb3 O-O 8. O-O
Ba6 9. Re1 h6 10. Qd2 g5 11. e5 dxe5 12. Bxe5 e6 13. Ne4 Nxe4 14. Rxe4 Nd7 15.
Bd6 Nf6 16. Bxf8 Nxe4 17. Qd3 Nxf2 18. Kxf2 Kxf8 19. Qe4 Bb7 20. Rd1 Qe7 21. a4
a6 22. c4 Qb4 23. Nd2 bxa4 24. Bc2 c5 25. Qd3 Bxd4+ 26. Kf1 Qxb2 0-1

[Event "Frankfurt Ch B 2016"]
[Site "Ffm-HÃ¶chst, BiKuZ"]
[Date "2016.05.09"]
[Round "3.5"]
[White "Both, GÃ¼nter"]
[Black "Goodwin, David"]
[Result "1-0"]
[WhiteElo "1477"]
[BlackElo "1323"]
[PlyCount "85"]
[EventDate "2016.??.??"]
[WhiteTeam "SK Bischofsheim"]
[BlackTeam "SV Kelsterbach"]

1. e4 g6 2. d4 Bg7 3. Nf3 d6 4. Be2 Nd7 5. c4 c5 6. O-O cxd4 7. Nxd4 Ngf6 8.
Nc3 a6 9. Be3 Nc5 10. f3 O-O 11. Rc1 Ne6 12. Qd2 Nxd4 13. Bxd4 e5 14. Be3 Be6
15. Rfd1 Ne8 16. c5 f5 17. cxd6 f4 18. Bc5 Rc8 19. Nd5 Rc6 20. Ne7+ Kh8 21.
Nxc6 bxc6 22. d7 Rg8 23. dxe8=Q Qxe8 24. Qa5 Bf6 25. Qxa6 g5 26. Rd6 g4 27.
fxg4 Bh4 28. Qxc6 Qxc6 29. Rxc6 Bxg4 30. Bxg4 Rxg4 31. Rf1 Kg7 32. Rf3 Be1 33.
Rc7+ Kg6 34. Re7 h6 35. Rxe5 Bd2 36. h3 Rh4 37. Bf2 Rh5 38. Rxh5 Kxh5 39. a3
Kg5 40. Rd3 Bc1 41. b4 Bb2 42. b5 Be5 43. b6 1-0

[Event "Frankfurt Ch B 2016"]
[Site "Ffm-HÃ¶chst, BiKuZ"]
[Date "2016.05.09"]
[Round "3.6"]
[White "WÃ¶hl, Torsten"]
[Black "Mook, Karl-JÃ¼rgen"]
[Result "1-0"]
[WhiteElo "1363"]
[BlackElo "1329"]
[PlyCount "87"]
[EventDate "2016.??.??"]
[WhiteTeam "SC GroÃŸ-Zimmern"]
[BlackTeam "SC Sulzbach"]

1. d4 Nf6 2. Bf4 c5 3. e3 g6 4. c3 Bg7 5. Nf3 O-O 6. Nbd2 b6 7. Be2 d6 8. h3
Bb7 9. a4 Nbd7 10. Qb3 Qc8 11. a5 Bd5 12. c4 Be4 13. Nxe4 Nxe4 14. Ng5 Nxg5 15.
Bxg5 Re8 16. Bf3 cxd4 17. Bxa8 Qxa8 18. O-O Nc5 19. Qb5 dxe3 20. Bxe3 a6 21.
Qb4 Nd3 22. Qxb6 Rb8 23. Qa7 Qxa7 24. Bxa7 Rc8 25. Rab1 Nxb2 26. Rfe1 e6 27.
Rec1 Be5 28. c5 dxc5 29. Rxc5 Rxc5 30. Bxc5 Nd3 31. Be3 Bc7 32. Bh6 Bf4 33.
Bxf4 Nxf4 34. Rb6 Nd3 35. Rxa6 Nc5 36. Rc6 Na4 37. a6 Kg7 38. a7 Nb2 39. a8=Q
Nd3 40. Rc7 Ne5 41. f4 Nd3 42. Qe4 Nb2 43. Qxe6 Kh6 44. Qxf7 1-0

[Event "Frankfurt Ch B 2016"]
[Site "Ffm-HÃ¶chst, BiKuZ"]
[Date "2016.05.09"]
[Round "3.8"]
[White "SchÃ¤fer, Dieter"]
[Black "DrÃ¶ser, Wolfgang"]
[Result "1/2-1/2"]
[WhiteElo "1326"]
[BlackElo "1190"]
[PlyCount "38"]
[EventDate "2016.??.??"]
[WhiteTeam "SV Ffm-Griesheim"]
[BlackTeam "SF Frankfurt"]

1. d4 d6 2. c4 g6 3. h3 Nf6 4. Nc3 c6 5. Bg5 Nbd7 6. Nf3 h6 7. Bf4 g5 8. Bg3
Nh5 9. Ne4 f5 10. Nc3 Nxg3 11. fxg3 Nf6 12. e3 Qc7 13. d5 Qb6 14. Qd2 Bg7 15.
Nd4 Nh5 16. Qf2 Be5 17. Nce2 Qxb2 18. Rd1 Qb4+ 19. Rd2 Qb1+ 1/2-1/2

[Event "Frankfurt Ch B 2016"]
[Site "Ffm-HÃ¶chst, BiKuZ"]
[Date "2016.05.09"]
[Round "3.9"]
[White "Landvoigt, Martin"]
[Black "Manasek, Martin"]
[Result "0-1"]
[WhiteElo "1155"]
[BlackElo "1311"]
[PlyCount "150"]
[EventDate "2016.??.??"]
[WhiteTeam "SF Friedberg"]
[BlackTeam "Bad Vilbeler Sfr"]

1. d4 d5 2. c4 c6 3. Nc3 Nf6 4. Bf4 g6 5. Nf3 Bg7 6. e3 O-O 7. h3 Qa5 8. Qd2
Ne4 9. Nxe4 Qxd2+ 10. Nexd2 Na6 11. a3 Nb8 12. Bd3 Nd7 13. c5 Re8 14. O-O f6
15. Rab1 e5 16. dxe5 fxe5 17. Nxe5 Nxe5 18. Bc2 b6 19. b4 Ba6 20. Rfe1 Nd3 21.
Red1 Nxf4 22. exf4 Re2 23. Bb3 Bd3 24. Nf3 Bxb1 25. Rxb1 bxc5 26. Ba4 Rb8 27.
Bxc6 cxb4 28. axb4 Rb2 29. Bxd5+ Kh8 30. Ra1 R2xb4 31. Rxa7 Rxf4 32. Ng5 h6 33.
Nf7+ Kh7 34. Bf3 Rb1+ 35. Kh2 Ra1 36. Rb7 Rfa4 37. Ne5 Ra7 38. Rxa7 Rxa7 39.
Ng4 h5 40. Ne3 Be5+ 41. g3 h4 42. Kg2 hxg3 43. fxg3 Ra2+ 44. Kf1 Bxg3 45. Ng4
Kg7 46. Kg1 g5 47. Kf1 Kg6 48. Be4+ Kh5 49. Nf6+ Kh4 50. Kg1 Kxh3 51. Bf5+ Kh4
52. Ne4 Bf4 53. Kf1 g4 54. Nf2 g3 55. Nh3 Bd6 56. Be6 Rb2 57. Bf5 Bc5 58. Ke1
g2 59. Kd1 g1=Q+ 60. Nxg1 Bxg1 61. Kc1 Bd4 62. Be6 Kg3 63. Bf5 Kf2 64. Kd1 Ke3
65. Bg6 Ra2 66. Bf5 Bc3 67. Bg6 Bd2 68. Bf5 Be1 69. Bg6 Bb4 70. Bf5 Ba3 71. Bg6
Rd2+ 72. Ke1 Rd6 73. Bb1 Bb4+ 74. Kf1 Rd1+ 75. Kg2 Rxb1 0-1

[Event "Frankfurt Ch B 2016"]
[Site "Ffm-HÃ¶chst, BiKuZ"]
[Date "2016.05.09"]
[Round "3.10"]
[White "Brunner, Andreas"]
[Black "Klein, Simon"]
[Result "1-0"]
[WhiteElo "1300"]
[BlackElo "1083"]
[PlyCount "53"]
[EventDate "2016.??.??"]
[WhiteTeam "FV Berkersheim"]
[BlackTeam "SF Frankfurt"]

1. d4 e6 2. b3 d5 3. e3 Bb4+ 4. c3 Bd6 5. Nf3 Nf6 6. Bd3 b6 7. Nbd2 O-O 8. Ne5
c5 9. c4 dxc4 10. Ndxc4 cxd4 11. exd4 Bb4+ 12. Bd2 Bxd2+ 13. Qxd2 Qxd4 14.
Bxh7+ Kxh7 15. Qxd4 Nd5 16. O-O f6 17. Qh4+ Kg8 18. Ng6 Kf7 19. Qh5 Rd8 20.
Nge5+ Kg8 21. Nf7 Rd7 22. Ncd6 Rxd6 23. Nxd6 Nd7 24. Rac1 Ba6 25. Rfe1 Nf8 26.
Re4 Rd8 27. Qf7+ 1-0

[Event "Frankfurt Ch B 2016"]
[Site "Ffm-HÃ¶chst, BiKuZ"]
[Date "2016.05.09"]
[Round "3.11"]
[White "GrÃ¼nzig, Matthias"]
[Black "Lassek, Bjarne"]
[Result "1-0"]
[WhiteElo "1256"]
[BlackElo "737"]
[PlyCount "79"]
[EventDate "2016.??.??"]
[WhiteTeam "FV Berkersheim"]
[BlackTeam "SC Nied"]

1. d4 d5 2. c4 Nf6 3. Nc3 c6 4. e3 Bf5 5. Bd3 Ne4 6. f3 Nxc3 7. bxc3 Qa5 8.
Bxf5 Qxc3+ 9. Bd2 Qxc4 10. Qb3 Qa6 11. Bd3 b5 12. a4 Qb6 13. axb5 c5 14. Qxd5
Qc7 15. Ba5 Qd6 16. Qxc5 Nd7 17. Qxd6 exd6 18. Be4 Rc8 19. Bc6 f5 20. Rc1 g5
21. Ne2 Be7 22. O-O f4 23. exf4 h5 24. d5 gxf4 25. Nxf4 Bg5 26. Bxd7+ Kxd7 27.
Rxc8 Kxc8 28. Ne6 Be3+ 29. Kh1 Rg8 30. Re1 Bf2 31. Re2 Bh4 32. Rc2+ Kd7 33.
Rc7+ Ke8 34. Rc8+ Kf7 35. Rxg8 Kxg8 36. Bc7 Bf2 37. Bxd6 h4 38. Bc5 Be1 39.
Bxa7 Bb4 40. b6 1-0

[Event "Frankfurt Ch B 2016"]
[Site "Ffm-HÃ¶chst, BiKuZ"]
[Date "2016.05.09"]
[Round "3.12"]
[White "Pessotschinski, Lars"]
[Black "Nebel, Marcel"]
[Result "0-1"]
[WhiteElo "764"]
[BlackElo "1210"]
[PlyCount "54"]
[EventDate "2016.??.??"]
[WhiteTeam "TuS Makkabi"]
[BlackTeam "SF Friedberg"]

1. e4 e6 2. Nf3 d5 3. Nc3 d4 4. Ne2 c5 5. Nf4 Bd6 6. d3 Nc6 7. Qe2 e5 8. Nd5 h6
9. Nh4 Qxh4 10. Nc7+ Bxc7 11. g3 Qe7 12. Bg2 Ba5+ 13. Bd2 Bxd2+ 14. Qxd2 Nf6
15. O-O O-O 16. c3 Be6 17. cxd4 cxd4 18. a3 b6 19. b4 Rac8 20. Rfc1 Qd7 21. Ra2
Ne7 22. Rxc8 Rxc8 23. Rc2 Rxc2 24. Qxc2 Nh7 25. Bf3 Ng5 26. Qe2 Nxf3+ 27. Qxf3
Qc8 0-1

[Event "Frankfurt Ch B 2016"]
[Site "Ffm-HÃ¶chst, BiKuZ"]
[Date "2016.05.09"]
[Round "3.14"]
[White "Falk, Aniko Tim"]
[Black "Neagu, Liviu"]
[Result "0-1"]
[WhiteElo "1191"]
[BlackElo "1357"]
[PlyCount "104"]
[EventDate "2016.??.??"]
[WhiteTeam "SK Hungen"]
[BlackTeam "SF Friedberg"]

1. e4 c5 2. Nf3 a6 3. c3 Nf6 4. e5 Nd5 5. Bc4 Nb6 6. Qe2 Nxc4 7. Qxc4 e6 8. d4
b5 9. Qe2 Qc7 10. O-O d6 11. Bf4 Nd7 12. Nbd2 Bb7 13. Ne4 dxe5 14. Nxe5 Nxe5
15. Bxe5 Qc6 16. f3 f6 17. Bf4 cxd4 18. cxd4 Be7 19. Qe3 O-O 20. Rac1 Qe8 21.
Bd6 Bxe4 22. Bxe7 Rf7 23. Bxf6 Bxf3 24. Rxf3 Rxf6 25. Rxf6 gxf6 26. Qg3+ Qg6
27. Qd6 Qe4 28. Rf1 Qe3+ 29. Rf2 Rc8 30. Qg3+ Qxg3 31. hxg3 Kf7 32. Re2 Rd8 33.
Re4 f5 34. Rf4 Kg6 35. Kf2 Kg5 36. Ke3 Rc8 37. Kd3 a5 38. Rh4 h6 39. Rh1 h5 40.
Re1 Rc6 41. Re5 Kg4 42. d5 Rd6 43. Rxe6 Rxd5+ 44. Ke3 Kxg3 45. Rg6+ Kh2 46. g3
Kg2 47. Rg5 b4 48. Rxh5 f4+ 49. gxf4 Rxh5 50. Ke4 Kf1 51. Kd3 Rh2 52. f5 Rxb2
0-1

[Event "Frankfurt Ch B 2016"]
[Site "Ffm-HÃ¶chst, BiKuZ"]
[Date "2016.05.09"]
[Round "3.15"]
[White "HÃ¤fner, GÃ¼nther"]
[Black "Urbach, Jens"]
[Result "0-1"]
[WhiteElo "845"]
[BlackElo "1417"]
[PlyCount "138"]
[EventDate "2016.??.??"]
[WhiteTeam "FV Berkersheim"]
[BlackTeam "SF Frankfurt"]

1. d4 Nf6 2. Nd2 d5 3. Ngf3 e6 4. b3 c5 5. e3 cxd4 6. exd4 Bd6 7. c4 b6 8. Be2
O-O 9. O-O Bb7 10. Bb2 Nbd7 11. Rc1 Qc7 12. Ne5 Nxe5 13. dxe5 Bxe5 14. Bxe5
Qxe5 15. Nf3 Qd6 16. Qd4 Rac8 17. Ne5 Qc5 18. Rfd1 Qxd4 19. Rxd4 Rfd8 20. Rcd1
g6 21. Bf3 Rc7 22. b4 a6 23. a3 Nd7 24. Nxd7 Rcxd7 25. cxd5 exd5 26. Bg4 f5 27.
Bf3 Rd6 28. Rc1 Rc6 29. Rxc6 Bxc6 30. h3 Kg7 31. Be2 b5 32. f4 h6 33. Kf2 Kf6
34. h4 g5 35. g3 g4 36. Bf1 h5 37. Bg2 Ke6 38. Rd3 Kd6 39. Ke3 Re8+ 40. Kf2 Ra8
41. Ke3 a5 42. Kd4 axb4 43. axb4 Ra2 44. Bf1 Ra1 45. Be2 Rc1 46. Rd1 Rc2 47.
Bf1 Rf2 48. Re1 Rf3 49. Bd3 Rxg3 50. Bxf5 Rf3 51. Re6+ Kc7 52. Kc5 Rc3+ 53. Kd4
Rc4+ 54. Kd3 Rxb4 55. Ke3 g3 56. Rg6 d4+ 57. Kd3 Ra4 58. Be4 Bxe4+ 59. Kxe4 d3+
60. Ke3 d2 61. Kxd2 Rxf4 62. Rxg3 Rxh4 63. Rg6 Rh3 64. Kc2 h4 65. Rh6 b4 66.
Kb2 Rh1 67. Rg6 h3 68. Rh6 h2 69. Kb3 Rb1+ 0-1

[Event "Frankfurt Ch B 2016"]
[Site "Ffm-HÃ¶chst, BiKuZ"]
[Date "2016.05.09"]
[Round "3.16"]
[White "Haardt, Oliver"]
[Black "Albrecht, Edwin"]
[Result "1-0"]
[WhiteElo "1152"]
[BlackElo "838"]
[PlyCount "111"]
[EventDate "2016.??.??"]
[WhiteTeam "vereinslos"]
[BlackTeam "SC Bad Soden"]

1. Nc3 e5 2. e4 d6 3. Nf3 c5 4. d3 Nc6 5. Bg5 Be7 6. Qd2 h6 7. Bxe7 Ngxe7 8. g3
Bg4 9. Bg2 Bxf3 10. Bxf3 Nd4 11. Bg4 O-O 12. O-O-O Qb6 13. Na4 Qb5 14. b3 Nec6
15. c3 Nxb3+ 16. axb3 Qxb3 17. Qc2 Qa3+ 18. Kd2 b5 19. Bd7 Na5 20. Bxb5 Nb3+
21. Ke2 Rab8 22. Bc6 Rfc8 23. Bd7 Rc7 24. Bg4 Qxa4 25. Kf1 c4 26. Kg2 cxd3 27.
Qxd3 Rc4 28. Qxd6 Rb6 29. Qd8+ Kh7 30. Qe7 Rxe4 31. Bf5+ Rg6 32. Bxg6+ Kxg6 33.
Rd6+ f6 34. Rd7 Re2 35. Qxg7+ Kf5 36. Qh7+ Ke6 37. Re7+ Kd5 38. Rd1+ Nd2 39.
Qd3+ Kc6 40. Qxe2 Kd6 41. Rh7 Qc6+ 42. f3 e4 43. Qxd2+ Ke6 44. Qa2+ Kf5 45.
Qa5+ Kg6 46. Rf1 Kxh7 47. Qxa7+ Kg6 48. Qe3 f5 49. f4 Kg7 50. h4 h5 51. Rd1 Qg6
52. Qd4+ Kh6 53. Qd8 Qg4 54. Qf8+ Kh7 55. Rd7+ Kg6 56. Qd6# 1-0

[Event "Frankfurt Ch B 2016"]
[Site "Ffm-HÃ¶chst, BiKuZ"]
[Date "2016.05.09"]
[Round "3.17"]
[White "Fredershausen, Kurt"]
[Black "Lochmann, Tobias"]
[Result "1-0"]
[WhiteElo "1023"]
[BlackElo "729"]
[PlyCount "57"]
[EventDate "2016.??.??"]
[WhiteTeam "SC Bad Soden"]
[BlackTeam "SV GroÃŸ-Gerau"]

1. e4 e5 2. Nf3 Nc6 3. Bc4 Nh6 4. d3 Bd6 5. Bg5 Ne7 6. Bxh6 gxh6 7. d4 exd4 8.
Qxd4 Nc6 9. Qxh8+ Ke7 10. Qxd8+ Nxd8 11. Nc3 b6 12. Nd5+ Kf8 13. Nc3 Nc6 14. a3
Na5 15. Bd3 f6 16. O-O Bb7 17. b4 Nc6 18. Rad1 Re8 19. Rfe1 Ne5 20. Nxe5 Bxe5
21. Nb1 c5 22. f3 Bd4+ 23. Kh1 d5 24. c3 Be5 25. c4 dxc4 26. Bxc4 Bc6 27. b5
Bb7 28. Rd7 Bc8 29. Rxh7 1-0

[Event "Frankfurt Ch B 2016"]
[Site "Ffm-HÃ¶chst, BiKuZ"]
[Date "2016.05.09"]
[Round "3.18"]
[White "Lachmann, Irma"]
[Black "Blank, Martina"]
[Result "0-1"]
[WhiteElo "743"]
[BlackElo "955"]
[PlyCount "62"]
[EventDate "2016.??.??"]
[WhiteTeam "FV Berkersheim"]
[BlackTeam "vereinslos"]

1. Nf3 d5 2. d4 Nc6 3. e3 Bg4 4. Be2 Bxf3 5. Bxf3 e5 6. c3 Nf6 7. Nd2 e4 8. Be2
Bd6 9. O-O a6 10. Re1 Ne7 11. Nf1 O-O 12. a3 Nf5 13. g3 Nh6 14. Nd2 Qd7 15. Kg2
Nhg4 16. Nf1 Qf5 17. f4 exf3+ 18. Bxf3 Rfe8 19. Qe2 Re7 20. h3 Nh6 21. Nh2 Ne4
22. g4 Qg5 23. Nf1 Re6 24. Nh2 c6 25. Rf1 Qh4 26. Kg1 Ng3 27. Qf2 Qxh3 28. Bg2
Ne2+ 29. Qxe2 Qxh2+ 30. Kf2 Bg3+ 31. Kf3 Rf6# 0-1

[Event "Frankfurt Ch A 2016"]
[Site "Ffm-Höchst, BiKuZ"]
[Date "2016.05.23"]
[Round "4.1"]
[White "Telljohann, Sven"]
[Black "Khenkin, Igor"]
[Result "1/2-1/2"]
[WhiteElo "2345"]
[BlackElo "2546"]
[PlyCount "65"]
[EventDate "2016.??.??"]
[WhiteTeam "SF Schöneck"]
[BlackTeam "SG Porz"]

1. Nf3 d5 2. g3 c6 3. Bg2 Nf6 4. b3 Bf5 5. Bb2 e6 6. O-O h6 7. d3 Be7 8. Nbd2
O-O 9. c4 Nbd7 10. Qc1 a5 11. Ba3 Re8 12. Re1 Bh7 13. Bxe7 Qxe7 14. d4 Ne4 15.
Qb2 Ndf6 16. Nxe4 Bxe4 17. Rec1 a4 18. Qc3 a3 19. Ne5 Bxg2 20. Kxg2 Ne4 21. Qe3
Nd6 22. Rc2 f6 23. Nf3 e5 24. dxe5 fxe5 25. cxd5 cxd5 26. Nd2 Qe6 27. Qb6 Ra6
28. Qb4 Rf8 29. Rf1 Nf5 30. Qxb7 Rb6 31. Qa7 Ra6 32. Qb7 Rb6 33. Qa7 1/2-1/2

[Event "Frankfurt Ch A 2016"]
[Site "Ffm-Höchst, BiKuZ"]
[Date "2016.05.23"]
[Round "4.3"]
[White "Keller, Peter"]
[Black "Stockmann, Michael"]
[Result "1-0"]
[WhiteElo "2248"]
[BlackElo "2189"]
[PlyCount "54"]
[EventDate "2016.??.??"]
[WhiteTeam "Frankfurter TV"]
[BlackTeam "SF Schöneck"]

1. e4 c6 2. d4 d5 3. Nd2 dxe4 4. Nxe4 Nd7 5. Ng5 Ngf6 6. N1f3 h6 7. Ne6 fxe6 8.
Bd3 Kf7 9. O-O g6 10. Ne5+ Nxe5 11. dxe5 Bg7 12. exf6 exf6 13. Qe2 Re8 14. Bd2
f5 15. Rad1 Qe7 16. Bc4 b5 17. Bb3 a5 18. a4 Ba6 19. axb5 cxb5 20. Rfe1 b4 21.
Qf3 Qb7 22. Qg3 Rad8 23. Bxe6+ Rxe6 24. Rxe6 g5 25. Rxa6 Qxa6 26. Qc7+ Kg6 27.
Qxd8 Qc4 1-0

[Event "Frankfurt Ch A 2016"]
[Site "Ffm-Höchst, BiKuZ"]
[Date "2016.05.23"]
[Round "4.4"]
[White "Milov, Leonid"]
[Black "Calvi, Stefan"]
[Result "1-0"]
[WhiteElo "2417"]
[BlackElo "1974"]
[PlyCount "93"]
[EventDate "2016.??.??"]
[WhiteTeam "SC Noris-Tarrasch Nürnberg"]
[BlackTeam "SF Frankfurt"]

1. e4 c5 2. Nf3 Nc6 3. d4 cxd4 4. Nxd4 Nf6 5. Nc3 e5 6. Ndb5 d6 7. Bg5 a6 8.
Na3 b5 9. Bxf6 gxf6 10. Nd5 Bg7 11. Bd3 Ne7 12. Nxe7 Qxe7 13. O-O f5 14. c4 O-O
15. Qh5 f4 16. cxb5 Kh8 17. Nc4 Be6 18. bxa6 Rxa6 19. Kh1 Rg8 20. a4 Bf6 21. h3
Raa8 22. Nb6 Rg5 23. Qf3 Rag8 24. Bc4 Bxc4 25. Nxc4 Rxg2 26. Rg1 Rxg1+ 27. Rxg1
Rxg1+ 28. Kxg1 Bh4 29. Qg4 Qc7 30. b3 Be7 31. Qd1 Qd7 32. Kg2 f5 33. Qd5 fxe4
34. Nxe5 f3+ 35. Kh2 Qe8 36. Ng4 Qg6 37. Qd4+ Kg8 38. Qd5+ Kh8 39. a5 h5 40.
Ne3 h4 41. Ng4 Bg5 42. Qd1 Qf5 43. Qa1+ Kh7 44. a6 e3 45. a7 exf2 46. a8=Q
f1=N+ 47. Qxf1 1-0